<?xml version="1.0" encoding="UTF-8"?><?xml-stylesheet type="text/xsl" href="static/style.xsl"?><OAI-PMH xmlns="http://www.openarchives.org/OAI/2.0/" xmlns:xsi="http://www.w3.org/2001/XMLSchema-instance" xsi:schemaLocation="http://www.openarchives.org/OAI/2.0/ http://www.openarchives.org/OAI/2.0/OAI-PMH.xsd"><responseDate>2026-04-27T20:11:39Z</responseDate><request verb="GetRecord" identifier="oai:uvadoc.uva.es:10324/4328" metadataPrefix="marc">https://uvadoc.uva.es/oai/request</request><GetRecord><record><header><identifier>oai:uvadoc.uva.es:10324/4328</identifier><datestamp>2025-02-13T12:45:52Z</datestamp><setSpec>com_10324_38</setSpec><setSpec>col_10324_852</setSpec></header><metadata><record xmlns="http://www.loc.gov/MARC21/slim" xmlns:doc="http://www.lyncode.com/xoai" xmlns:xsi="http://www.w3.org/2001/XMLSchema-instance" xmlns:dcterms="http://purl.org/dc/terms/" xsi:schemaLocation="http://www.loc.gov/MARC21/slim http://www.loc.gov/standards/marcxml/schema/MARC21slim.xsd">
<leader>00925njm 22002777a 4500</leader>
<datafield tag="042" ind1=" " ind2=" ">
<subfield code="a">dc</subfield>
</datafield>
<datafield tag="720" ind1=" " ind2=" ">
<subfield code="a">Fraile Rodríguez, María</subfield>
<subfield code="e">author</subfield>
</datafield>
<datafield tag="260" ind1=" " ind2=" ">
<subfield code="c">2013</subfield>
</datafield>
<datafield tag="520" ind1=" " ind2=" ">
<subfield code="a">En este Trabajo de Fin de Grado, he querido desarrollar una pequeña propuesta didáctica, a través del aprendizaje por descubrimientos, acerca de cómo motivar y enseñar a los alumnos de centros a los que acuden minorías, que no muestran ningún interés, hacia algunos temas determinados. En concreto es un trabajo de investigación en el área de Conocimiento del Medio Natural, Social y Cultural; centrado en el tema de las energías. Los resultados obtenidos muestran que tratar este tema en el aula con este colectivo de alumnos, de forma dinámica y creativa tiene muchos beneficios. A partir de un análisis y evaluación acerca de los conocimientos previos y posteriores expongo mi conclusión de los resultados a partir del planteamiento de mi propuesta.</subfield>
</datafield>
<datafield tag="024" ind2=" " ind1="8">
<subfield code="a">http://uvadoc.uva.es/handle/10324/4328</subfield>
</datafield>
<datafield ind1=" " ind2=" " tag="653">
<subfield code="a">Ciencias naturales - Estudio y enseñanza (Infantil)</subfield>
</datafield>
<datafield ind1=" " ind2=" " tag="653">
<subfield code="a">Educación - Metodología</subfield>
</datafield>
<datafield tag="245" ind1="0" ind2="0">
<subfield code="a">Propuesta motivadora sobre la energía. Aprendizaje por descubrimientos</subfield>
</datafield>
</record></metadata></record></GetRecord></OAI-PMH>